00321nam a2200145Ia 4500008004000000041000800040082001200048100002000060245002400080260003500104650000700139650001100146650000800157650001000165210210b1948 xxu||||| |||| 00| 0 eng d aeng a825/324 aFARREN (Robert) aHow to enjoy poetry aNew YorkbSheed and Wardc1948 ato apoetry aHow aenjoy